The everything online investing book : get the ... Read More
Available copies
- 1 of 1 copy available at LARL/NWRL Consortium. (Show)
- 1 of 1 copy available at Northwest Regional Library.
Current holds
0 current holds with 1 total copy.
Show Only Available Copies
| Location | Call Number / Copy Notes | Barcode | Shelving Location | Status | Due Date |
|---|---|---|---|---|---|
| Godel Memorial-Warren Library | 332.6 DOM (Text) | 35500002910428 | Main | Available | - |
Record details
- ISBN: 1580623387
- Physical Description: viii, 325 p. : ill. ; 24 cm.
- Publisher: Holbrook, MA : Adams Media Corporation, 2000.
Content descriptions
| General Note: | "An Everything Series book." Includes index. |
Search for related items by subject
| Subject: | Investments > Computer network resources. Internet. Finance, Personal. |
Search for related items by series
| LDR | 00899cam a2200229 a 4500 | ||
|---|---|---|---|
| 001 | 31341 | ||
| 003 | LARL_NWRL_CONSORTIUM | ||
| 008 | 000919s2000 maua 001 0 eng d | ||
| 020 | . | ‡a1580623387 | |
| 092 | . | ‡a332.6 ‡bDOM | |
| 100 | 1 | . | ‡aDomash, Harry. ‡0(LARL_NWRL_CONSORTIUM)131920 |
| 245 | 1 | 4. | ‡aThe everything online investing book : ‡bget the latest stock tips, make quick trades, and manage your portfolio like the pros / ‡cHarry Domash. |
| 260 | . | ‡aHolbrook, MA : ‡bAdams Media Corporation, ‡c2000. | |
| 300 | . | ‡aviii, 325 p. : ‡bill. ; ‡c24 cm. | |
| 490 | 0 | . | ‡aEverything |
| 500 | . | ‡a"An Everything Series book." | |
| 500 | . | ‡aIncludes index. | |
| 650 | 0. | ‡aInvestments ‡vComputer network resources. | |
| 650 | 0. | ‡aInternet. ‡0(LARL_NWRL_CONSORTIUM)38581 | |
| 650 | 0. | ‡aFinance, Personal. ‡0(LARL_NWRL_CONSORTIUM)20186 | |
| 901 | . | ‡a31341 ‡bISxN ‡c31341 ‡tbiblio | |

Add to basket
Permalink
Enable Highlighting